C.N.S (Record no. 706)

MARC details
000 -LEADER
campo de control de longitud fija 01027nas a2200289 i 4500
001 - NÚMERO DE CONTROL
campo de control 706
003 - IDENTIFICADOR DE NÚMERO DE CONTROL
campo de control ES-MaACL
005 - FECHA Y HORA DE LA ÚLTIMA TRANSACCIÓN
campo de control 20250826065249.0
007 - CAMPO FIJO DE DESCRIPCIÓN FÍSICA--INFORMACIÓN GENERAL
campo de control de longitud fija t|
008 - DATOS DE LONGITUD FIJA--INFORMACIÓN GENERAL
campo de control de longitud fija 950801d1943 sp | | 1 ||pa d
245 00 - MENCIÓN DEL TÍTULO
Título C.N.S
Resto del título : boletín sindical de la Territorial de Madrid.
246 13 - FORMA VARIANTE DEL TITULO
Título propio/Titulo breve Vida laboral (1958)
246 13 - FORMA VARIANTE DEL TITULO
Título propio/Titulo breve CNS
260 ## - PUBLICACIÓN, DISTRIBUCIÓN, ETC.
Lugar de publicación, distribución, etc. Madrid :
Nombre del editor, distribuidor, etc. [Servicio de Prensa y Propaganda de la C.N.S. de Madrid],
Fecha de publicación, distribución, etc. 1943-
300 ## - DESCRIPCIÓN FÍSICA
Extensión 19 v. ;
Dimensiones 31 cm.
310 ## - PERIODICIDAD ACTUAL
Periodicidad actual Mensual
362 0# - FECHAS DE PUBLICACIÓN Y/O DESIGNACIÓN SECUENCIAL
Fecha de publicación y/o designación secuencial N. 1 (en. 1943)- ; -[2. época], año 10, n. 109/10 (dic. 1957-en. 1958)
500 ## - NOTA GENERAL
Nota general Números extraordinarios en 1965, jun. de 1975 y dic. de 1976.
515 ## - NOTA DE PECULIARIDADES DE LA NUMERACIÓN
Nota de peculiaridades de la numeración Entre 1970-74 anomalías en la numeración.
650 17 - PUNTO DE ACCESO ADICIONAL DE MATERIA--TÉRMINO DE MATERIA
Término de materia o nombre geográfico como elemento de entrada Trabajo
Fuente del encabezamiento o término embne
9 (RLIN) 17590
650 04 - PUNTO DE ACCESO ADICIONAL DE MATERIA--TÉRMINO DE MATERIA
Término de materia o nombre geográfico como elemento de entrada Sindicatos.
9 (RLIN) 17116
710 1# - ENTRADA AGREGADA--NOMBRE DE ENTIDAD CORPORATIVA
Nombre de entidad corporativa o nombre de jurisdicción como elemento de entrada España. Confederación Nacional de Sindicatos.
9 (RLIN) 3643
785 00 - ENTRADA/ENLACE A UN TÍTULO POSTERIOR
Encabezamiento principal Vida laboral
Lugar, editor y fecha de publicación 1958-
852 ## - LOCALIZACIÓN
Ubicación ES-MaACL
Número de control de estantería Hem-569
866 #0 - MENCIÓN TEXTUAL DE FONDOS--UNIDAD BIBLIOGRÁFICA BÁSICA
Fondos 1944-59(1960)1961-63(1964-67)(1968f.n.1)1969-74(1975f.n.42y44)1976(1977).
Holdings
Estatus retirado Estado de pérdida Estado de daño No para préstamo Colección Biblioteca de origen Biblioteca actual Ubicación en estantería Fecha de adquisición Fuente de adquisición Total de préstamos Signatura topográfica completa Código de barras Visto por última vez Precio de reemplazo Tipo de ítem Koha
        Periódicos y Revistas Biblioteca del Ateneo de Madrid Biblioteca del Ateneo de Madrid Depósito 1 17/01/2008     Hem-569 1000720 23/02/2023 23/02/2023 Revista